000
00299nam a2200121Ia 4500
008
190216s9999||||xx |||||||||||||| ||und||
100
_a
Mulholland H & Jones C R
245
0
_a
Fundamentals Of Statistics
260
_b
Wiley Eastern Ltd
_c
1968
300
_a
291p
650
_a
Commerce
942
_c
BK
999
_c
4426
_d
4426